| 000 | 00532nam a2200145Ia 4500 | ||
|---|---|---|---|
| 008 | 220216s9999 xx 000 0 und d | ||
| 100 | _aIchikawa N | ||
| 245 | 0 | _aProperties of deproteinized natural rubber latex | |
| 260 |
_bNatural Rubber: Current Developments in Product Manufacture and Applications: Proceedings of the International Rubber Technology Conferencce, Kuala Lumpur, 1993; p101-110 _c1993 |
||
| 650 | _aDeproteinization | ||
| 650 | _aNatural rubber latex | ||
| 700 | _aHwee E A | ||
| 700 | _aTanaka Y | ||
| 942 | _cJS | ||
| 999 |
_c65979 _d65979 |
||